00398nam a2200145Ia 4500003000400000008004100004040001600045082001600061100001900077245007200096260003000168300000900198650001600207650002900223GCL140319s9999 xx 000 0 eng d aGCL / cGCL04a770.28bS A1 aSTRASSER, ALEX10aALL ABOUT THE RIGHT MOMENT IN ACTION PHOTOGRAPHY / cSTRASSER, ALEX a[S.N] : bTHE FOCAL PRESS a56 P04aPHOTOGRAPHY04aPHOTOGRAPHY - PROCESSING